| 000 | 00519nam a22001817a 4500 | ||
|---|---|---|---|
| 003 | CEME | ||
| 005 | 20210628205318.0 | ||
| 008 | 210309b xxu||||| |||| 00| 0 eng d | ||
| 020 | _a1-56607-980-2 | ||
| 040 | _c. | ||
| 082 | _a621.3981 GOR'I | ||
| 100 |
_aGoralski, Walter Kessler, G _974888 |
||
| 245 | _aIsdn the complete guide to isdn architecture,products and implementation | ||
| 260 |
_aUSA _bCTR _c1996 |
||
| 300 | _aVII,277 | ||
| 650 |
_aISDN-INTEGRATED SERVICES DIGITAL NETWORKS _974889 |
||
| 942 |
_cBK _2ddc |
||
| 999 |
_c580390 _d580390 |
||